000 00385nam a2200133 a 4500
001 000036316
005 20200930075650.0
008 120113s1971 sp 000 0 spa d
040 _aDO-SdBNP
_bspa
_cBNPHU
100 1 _aTocqueville, Alexis de
_962473
245 1 3 _aLa democracia en América /
_cAlexis de Tocqueville.
260 _aMadrid :
_bAguilar,
_c1971.
300 _a296 p. ;
_c19 cm.
999 _c35807
_d35807